Geospatial analysis
Salvato in:
| Autore principale: | |
|---|---|
| Altri autori: | , |
| Natura: | Libro |
| Lingua: | inglese |
| Pubblicazione: |
Leicester
The Winchelsea Press
2009
|
| Edizione: | 3rd ed. |
| Serie: | Splint Spatial Literacy IN Teaching
|
| Soggetti: | |
| Tags: |
Nessun Tag, puoi essere il primo ad aggiungerne!!
|
MARC
| LEADER | 00000nam a2200000 4500 | ||
|---|---|---|---|
| 001 | 0119379 | ||
| 005 | 20240312115701.9 | ||
| 020 | |a 978-1848761-582 | ||
| 041 | 0 | |a eng | |
| 044 | |a GB | ||
| 245 | 1 | 0 | |a Geospatial analysis |c Michael J de Smith, Michael F Goodchild, Paul A Longley |
| 250 | |a 3rd ed. | ||
| 264 | 1 | |a Leicester |b The Winchelsea Press |c 2009 | |
| 300 | |a 560 s. | ||
| 490 | 1 | |a Splint Spatial Literacy IN Teaching | |
| 830 | 0 | |a Splint Spatial Literacy IN Teaching | |
| 610 | 2 | 0 | |a priestor |
| 610 | 2 | 0 | |a geografia |
| 610 | 2 | 0 | |a systémy informačné geografické |
| 610 | 2 | 0 | |a programy počítačové |
| 610 | 2 | 0 | |a softvér |
| 610 | 2 | 0 | |a modelovanie |
| 610 | 2 | 0 | |a simulácia |
| 610 | 2 | 0 | |a analýzy |
| 100 | 1 | |a de Smith, Michael J. | |
| 700 | 1 | |a Goodchild, Michael F. | |
| 700 | 1 | |a Longley, Paul A. | |